Statistics for Winners of the European Parliament elections 2014

Click here to take the quiz!

General Stats

  • This quiz has been taken 99 times
  • The average score is 20 of 28

Answer Stats

National partyCountry% Correct
Front NationalFrance
97%
UKIPUnited Kingdom
90%
Συνασπισμός Ριζοσπαστικής ΑριστεράςGreece
87%
Slovenska demokratska strankaSlovenia
87%
Österreichische VolksparteiAustria
86%
Dansk FolkepartiDenmark
86%
CDU/CSUGermany
86%
Partido SocialistaPortugal
86%
Partito DemocraticoItaly
85%
Fine GaelIreland
80%
Fidesz - Magyar Polgári Szövetség - Keresztény Demokrata NéppártHungary
78%
Platforma ObywatelskaPoland
78%
Partido PopularSpain
78%
Hrvatska demokratska zajednica + Hrvatska stranka prava dr. Ante Starčević + HSS Hrvatska seljačka strankaCroatia
76%
Nieuw-Vlaamse AlliantieBelgium
75%
Δημοκρατικός ΣυναγερμόςCyprus
72%
Eesti ReformierakondEstonia
71%
Tėvynės sąjunga - Lietuvos krikščionys demokrataiLithuania
66%
Граждани за европейско развитие на БългарияBulgaria
64%
Chrëschtlech-Sozial VolksparteiLuxembourg
59%
SMER - Sociálna demokraciaSlovakia
57%
VienotībaLatvia
55%
SocialdemokraternaSweden
55%
Partit LaburistaMalta
54%
Partidul Social Democrat + Partidul ConservatorRomania
54%
ANO 2011Czech republic
53%
Democraten 66Netherlands
53%
Kansallinen KokoomusFinland
52%

Score Distribution

Percentile by Number Answered

Percent of People with Each Score

Your Score History

You have not taken this quiz